000
00269nam a2200121Ia 4500
008
190216s9999||||xx |||||||||||||| ||und||
100
_a
Onv Kurup
245
0
_a
Mayilpeeli
260
_b
Current Books
_c
1993
300
_a
128
650
_a
Kavithkal
942
_c
BK
999
_c
24155
_d
24155